000 01792nam0a2200301 4500
001 RU\NLR\BIBL_A\011599702
005 20260308044108.0
010 _a978-5-904756-41-3
_d50 экз.
021 _aRU
_b2017-98394
_97085
035 _a(NLR Aleph) 011599702
035 _a(RuMoRGB)009497176
090 _a13555436
_c13555436
100 _a20180122d2017 u y0rusy50 ca
101 0 _arus
102 _aRU
105 _a||||zzzz0|||y
200 1 _aНаучные школы и теории современной психологии :
_eучебно-методическое пособие
_fИ. В. Пономарева, Д. А. Циринг
_gМинистерство образования и науки РФ, Федеральное государственное бюджетное образовательное учреждение высшего образования "Челябинский государственный университет", Факультет психологии и педагогики, Кафедра психологии
210 _aЧелябинск
_cПечатный двор
_d2017
215 _a41, [1] с.
_cил.
_d21 см
320 _aБиблиогр. в конце кн. и в конце тем
606 1 _aПсихология
_jУчебно-методические пособия для высших учебных заведений
_xИстория
_yРоссия
_z20 в.
_92433649
_3RU\NLR\AUTH\661448338
686 1 _aЮ91(2)6я73
700 1 _aПономарева
_bИ. В.
_cканд. психол. наук
_f1986-
_gИрина Владимировна
_9192074
_3RU\NLR\AUTH\770192125
701 1 _aЦиринг
_bД. А.
_gДиана Александровна
942 _cUNSPEC
980 _aNBR
980 _aNB